000 00632nam a2200193Ia 4500
003 GCL
008 140319s9999 xx 000 0 ara d
020 _a8260214977
040 _aGCL /
_cGCL
082 0 4 _a306
_bس ك
100 1 _aسعيد اللاوندى
245 1 0 _aكذب المثقفون ولوصدقوا ! /
_cسعيد اللاوندى
260 _aالقاهرة :
_bنهضة مصر للطباعة والنشر والتوزيع ،
_c2004
300 _a185 ص ؛
_c20 سم
650 0 4 _aالمثقفون
650 0 4 _aالمقالات الصحفية
650 0 4 _aالمقالات - مجموعات
942 _2ddc
_cBK
999 _c6237
_d6237